| 000 | 01307cam a22003495a 4500 | ||
|---|---|---|---|
| 003 | EG-ScBUE | ||
| 005 | 20220515093442.0 | ||
| 008 | 180828r19971991enka f 000 0 eng d | ||
| 020 | _a0003705633 | ||
| 020 | _a9780003705638 | ||
| 040 |
_aEG-ScBUE _beng _erda _cEG-ScBUE _dEG-ScBUE |
||
| 082 | 0 | 4 |
_a428.2 _bWIL _222 |
| 100 | 1 |
_aWillis, Dave, _eauthor. _97826 |
|
| 245 | 1 | 0 |
_aCollins cobuild student's grammar / _cPractice material by Dave Willis. |
| 250 | _aSelf-study edition with answers. | ||
| 250 | _aReprinted edition. | ||
| 264 | 1 |
_aLondon : _bHarper Collins Publishers, _c1997. |
|
| 300 |
_a263 pages : _billustrations ; _c24 cm. |
||
| 336 |
_2rdacontent _atext _btxt |
||
| 337 |
_2rdamedia _aunmediated _bn |
||
| 338 |
_2rdacarrier _avolume _bnc |
||
| 490 | 0 | _aCOBUILD series | |
| 500 | _aHelping learners with real English. | ||
| 520 | _aGrammar explanations and practice exercises for areas of difficulty commonly experienced at this level. Suitable for self-study, and developing grammar skills. | ||
| 650 | 7 |
_aEnglish language _xGrammar. _2BUEsh |
|
| 650 | 7 |
_aEnglish language _xComposition and exercises. _2BUEsh |
|
| 650 | 7 |
_aAnglais (langue) _xGrammaire _vExercices. _2BUEsh |
|
| 651 | 7 | _2BUEsh | |
| 653 |
_bHHUUEENN _cSeptember2018 |
||
| 655 |
_vReading book _934232 |
||
| 942 |
_2ddc _cBB |
||
| 999 |
_c8819 _d8819 |
||